Taman Permainan Baru

Bibliographic Details
Main Author: Nur Azwani
Format: Book
Published: Cheras : Pustaka Cita Ttinggi , 1996
Subjects:

MARC

LEADER 00000cam a2200000 7i4500
001 0000114875
005 20150713.0
008 150713 bm
020 |a 983023102x 
090 0 0 |a JF TET 
100 1 |a Nur Azwani 
245 1 0 |a Taman Permainan Baru   |c Nur Azwani 
260 |a Cheras :   |b Pustaka Cita Ttinggi ,   |c 1996 
300 |a 16p :   |b col.ill ;   |c 22cm. 
650 0 0 |a Malay fiction 
999 |a 108296   |b Buku   |c Koleksi Pinjaman Kanak-Kanak   |e Perbadanan Perpustakaan Awam Melaka 
999 |a 31244   |b Buku   |c Koleksi Pinjaman Kanak-Kanak   |e Perbadanan Perpustakaan Awam Melaka 
999 |a 37411   |b Buku   |c Koleksi Pinjaman Kanak-Kanak   |e Perpustakaan Cawangan Jasin